000 00547nam a2200193Ia 4500
005 20250508154017.0
008 008 250505s9999 xx 000 0 eng d
037 _aTextual
040 _aFEDL
_beng
_cFEDL
041 _aeng
_2eng
084 _a156, SOU
_qFEDL
100 _aSouthwick Charles H.
_9348330
245 0 _aPrimate social behavior
260 _aNew Jersey, USA
_bD. Van Nostrand Company
_c1963
300 _a191p.
650 _aComparative Psychology
_9756577
942 _cTEXL
_h156, SOU
999 _c1347017
_d1347017